Cestovné správanie holandských turistov
Analýza cestovného správania holandských turistov - podklad pre výber regiónov vhodných pre rozvoj cestovného ruchu holandských turistov v SR. Cestovné preferencie holandských turistov. Motívy účasti Holanďanov na cestovnom ruchu. Hodnotenie návštevy Slovenska holandskými turistami.
Na minha lista:
| Autor principal: | |
|---|---|
| Formato: | Capítulo de Livro |
| Idioma: | eslovaco |
| Assuntos: | |
| Tags: |
Sem tags, seja o primeiro a adicionar uma tag!
|
MARC
| LEADER | 00000naa a2200000 4500 | ||
|---|---|---|---|
| 001 | r033572 | ||
| 005 | 20230724104550.0 | ||
| 041 | 0 | |a slo | |
| 044 | |a SK | ||
| 245 | 1 | 0 | |a Cestovné správanie holandských turistov |c Ivan Jaďuď |
| 520 | |a Analýza cestovného správania holandských turistov - podklad pre výber regiónov vhodných pre rozvoj cestovného ruchu holandských turistov v SR. Cestovné preferencie holandských turistov. Motívy účasti Holanďanov na cestovnom ruchu. Hodnotenie návštevy Slovenska holandskými turistami. | ||
| 610 | 2 | 0 | |a ruch cestovný |
| 610 | 2 | 0 | |a správanie |
| 610 | 2 | 0 | |a ruch cestovný medzinárodný |
| 610 | 2 | 0 | |a dovolenka |
| 610 | 2 | 0 | |a Slovensko |
| 610 | 2 | 0 | |a Holandsko |
| 610 | 2 | 0 | |a motivácia |
| 610 | 2 | 0 | |a kancelárie cestovné |
| 610 | 2 | 0 | |a analýzy |
| 610 | 2 | 0 | |a regióny |
| 100 | 1 | |a Jaďuď, Ivan | |